Detalles MARC
| 000 -LIDER |
| fixed length control field |
01168nam a22003737a 4500 |
| 001 - NÚMERO DE CONTROL |
| Identificador de número de control |
00260 |
| 003 - IDENTIFICACDOR DE NÚMERO DE CONTROL |
| control field |
DO-SdBNP |
| 005 - DATE AND TIME OF LATEST TRANSACTION |
| control field |
20171116120447.0 |
| 007 - CAMPOS FIJOS DE DESCRIPCIÓN FÍSICA |
| fixed length control field |
00260 |
| 008 - ELEMENTOS DE LONGITUD FIJA |
| fixed length control field |
151106b 1987 sp |||| 00| 0 spa d |
| 020 ## - ISBN |
| International Standard Book Number |
8475254284 |
| 040 ## - FUENTE DE CATALOGACIÓN |
| Agencia que crea de manera original el registro |
BPMSU |
| Idioma de catalogación |
spa |
| Agencia que realiza la transcripción |
BPMSU |
| 041 17 - CÓDIGOS DE OBRAS TRADUCIDAS O EN VARIOS IDIOMAS |
| Código del idioma del texto/archivo de sonido o separata |
spa |
| Cód. del idioma original y/o traducciones intermedias del texto |
|
| 082 #4 - NÚMERO DE CLASIFICACIÓN DECIMAL DE DEWEY |
| Classification number |
843.8 |
| Item number |
V531u |
| 092 ## - LOCALLY ASSIGNED DEWEY DECIMAL CALL NUMBER |
| Número de clasificación |
|
| Número de ítem (Cutter) |
|
| 100 1# - ASIENTO PRINCIPAL -- NOMBRE PERSONAL |
| Nombre personal |
Verne, Jules, |
| Fechas asociadas con el nombre |
1828-1905. |
| 245 10 - MENCIÓN DE TITULO |
| Título |
Un drama en Livonia / |
| Mención de responsabilidad |
Jules Verne ; traducción Miguel Salabert ; apéndice Constantino Bértolo Cadenas ; ilustración L. Benett |
| 260 ## - PUBLICACIÓN, DISTRIBUCIÓN, ETC. (PIE DE IMPRENTA) |
| Lugar de publicación, distribución, etc |
Madrid : |
| Nombre del editor, distribuidor, etc. |
Editorial Anaya, |
| Fecha de publicación, distribución, etc |
1987. |
| 300 ## - DESCRIPCIÓN FÍSICA |
| Extensión |
224 p. : |
| Otros detalles físicos |
il. ; |
| Dimensiones |
20 cm. |
| 490 1# - MENCIÓN DE SERIES |
| Mención de serie |
Tus libros ; |
| -- |
Aventuras |
| Volume/sequential designation |
75 |
| 505 ## - NOTA DE CONTENIDO |
| Texto normalizado de contenido |
Bibliografía : p. 222 |
| 534 ## - NOTA SOBRE LA VERSIÓN ORIGINAL |
| Asiento principal del original |
Un drame en Livonie. |
| 650 ## - ENCABEZAMIENTO DE MATERIA--TEMÁTICO |
| Término temático o nombre geográfico como elemento de entrada |
NOVELA JUVENIL FRANCESA |
| 650 ## - ENCABEZAMIENTO DE MATERIA--TEMÁTICO |
| Fuente del encabezamiento o término |
LITERATURA JUVENIL FRANCESA |
| 700 ## - ASIENTO SECUNDARIO -- NOMBRE PERSONAL |
| Nombre personal |
Salabert, Miguel |
| Mención de responsabilidad |
traductor |
| 700 ## - ASIENTO SECUNDARIO -- NOMBRE PERSONAL |
| Nombre personal |
Bertolo Cadenas, Constantino |
| 700 ## - ASIENTO SECUNDARIO -- NOMBRE PERSONAL |
| Nombre personal |
Benett, L. |
| Mención de responsabilidad |
ililustraciones |
| 830 ## - ASIENTO SECUNDARIO DE SERIE--TÍTULO UNIFORME |
| Título uniforme |
Tus libros ; |
| Nombre de la parte o sección de una obra |
aventuras |
| Volume number/sequential designation |
75 |
| 910 ## - VALIDACIÓN |
| Validación |
|
| 942 ## - ADDED ENTRY ELEMENTS (KOHA) |
| Source of classification or shelving scheme |
Dewey Decimal Classification |
| Koha item type |
Libros |
| 945 ## - INFORMACIÓN DE PROCESAMIENTO LOCAL |
| Información de procesamiento local |
Inventariado extranjero / 2017 VM |
| 956 ## - LOCAL ELECTRONIC LOCATION AND ACCESS (OCLC) |
| Nombre de host |
Lorenza Pérez |
| 956 ## - LOCAL ELECTRONIC LOCATION AND ACCESS (OCLC) |
| Nombre de host |
VMATEO |
| Número de acceso |
10 |
| Información de compresión |
201601031 |
| Trayectoria |
BPMSU |
| Nombre Electrónico |
0069 |